| 000 | 00730nam a2200241 i 4500 | ||
|---|---|---|---|
| 001 | bgj | ||
| 100 | 1 |
_aEMERSON, Ralph Waldo _d(1803-1882) |
|
| 245 | 1 | 0 |
_aSelections from Ralph Waldo Emerson : _ban organic anthology / _cedited by Stephen E. Whicher. |
| 250 |
_aRiverside ed. _a[impr.]. |
||
| 260 |
_aBoston : _bHoughton Mifflin Company, _c1960. |
||
| 300 |
_aXXVI, 517 pp ; _c21 cm. |
||
| 490 | 1 | _aRiverside Editions | |
| 500 | _aOriginally published in 1957. | ||
| 504 | _aBibliography p. XXIII. | ||
| 505 | _aIncludes index. | ||
| 650 | 9 | _aMiscellany | |
| 700 | 1 | _aWHICHER, Stephen E. | |
| 830 | _aRiverside Editions | ||
| 040 | _cBPK | ||
| 041 | 0 | _aeng | |
| 942 | _cKS | ||
| 008 | s uk f |000 0 eng | ||
| 999 |
_c47708 _d47708 |
||
| 856 |
_uhttp://koha.tu.koszalin.pl/cgi-bin/koha/opac-detail.pl?biblionumber=47708 _yKatalog online BPK |
||